LDR 00754naa#a2200169#i#450# 001 EN\\bibl\20254 005 20260701235455.3 100 ## _a20260630b2026####ek#y0engy0150####ca 102 ## _aRU 200 1# _aTECHNOLOGICAL ASPECTS AND PROSPECTS OF IMPLEMENTING IoT NETWORKS FOR PRECISION FARMING _eConference article/thesis 210 1# _aVoronezh _cFSBE Institution of Higher Education Voronezh State University of Forestry and Technologies named after G.F. Morozov _d2026 215 ## _a12 с. 608 ## _aConference article/thesis _2local 675 ## _aМеханизация и автоматизация сельского хозяйства. 631.171 _aИнтернет. 004.738.5 _z 700 #1 _aPalatkin _gV. N. 700 #1 _aZarevich _gAnton Ivanovich 856 4# _abibl.vgltu.ru _u